00795cam a22002174a 4500999001500000001000900015003000900024005001700033008004100050010001700091020002200108040003300130082002300163245006400186260005500250300004400305610004100349650005400390942001200444952012100456 c2675d267511811363BD-DhUAP20210130135104.0200226s2000 nyua c 000 0 eng  a 99053588  a1568982194 (pbk.) aDLCcDLCdDLCdBD-DhUAPbEng00a720.797471 YOU22300aYoung architects :bscale /cDouglas Pancoast ... [et al.]. aNew York :bPrinceton Architectural Press,cc2000. axv, 95 pages :billustrations ;c28 cm.20aYoung Architects ForumvExhibitions. 0aArchitecturexAwardszUnited StatesvExhibitions. 2ddccBK 00102ddc4070aUAPCLbUAPCLcGeneral Stacksd2020-02-26o720.797471 YOUp3010002925r2020-02-26t1w2020-02-26yBK